Puissance modèle Ferrari - Statistiques

Statistiques générales
  • Ce quiz a été pris 123 fois
  • Le résultat moyen est 8 sur 10
Statistiques - réponses
Modèle de Ferrari Réponse % Correct
488 pista 720 chv
88%
250 gto 300 chv
85%
Portofino M 620 chv
85%
Fxx k 1050 chv
82%
F40 478 chv
78%
458 italia 570 chv
78%
Enzo Ferrari 660 chv
76%
California 560 chv
74%
LaFerrari 963 chv
73%
296 gtb 663 chv
68%
Aucun quiz correspondant
Distribution des résultats
% des personnes avec chaque résultat
Percentile par nombre de réponses
Votre historique - résultats
Vous n’avez pas pris ce quiz